LITTLE WOMEN / (Record no. 198603)

MARC details
000 -LEADER
fixed length control field 00518nam a22001817a 4500
005 - DATE AND TIME OF LATEST TRANSACTION
control field 20230927123956.0
010 ## - LCCN (DPL NO)
LC control number B-755839
020 ## - INTERNATIONAL STANDARD BOOK NUMBER
International Standard Book Number 9788181535740
035 ## - SYSTEM CONTROL NUMBER
System control number B-755839
082 ## - DEWEY DECIMAL CLASSIFICATION NUMBER
Classification number S
Item number 1
100 ## - MAIN ENTRY--PERSONAL NAME
Personal name ALCOTT , LOUISA MAY
245 ## - TITLE STATEMENT
Title LITTLE WOMEN /
Statement of responsibility, etc LOUISA MAY ALCOTT
260 ## - PUBLICATION, DISTRIBUTION, ETC. (IMPRINT)
Place of publication, distribution, etc DELHI
Name of publisher, distributor, etc RAINBOW BOOKS
270 ## - ADDRESS
Address F-32 GALI NO 12, JAGATPURI , PARWANA ROAD
City DELHI
Postal code 110051
300 ## - PHYSICAL DESCRIPTION
Extent 224P.
Other physical details 21CM(HB)
942 ## - ADDED ENTRY ELEMENTS (KOHA)
Source of classification or shelving scheme Dewey Decimal Classification
Item type English Books
Classification part S
Call number suffix OTT
Holdings
Withdrawn status Lost status Not for loan Collection code Home library Current library Date acquired Source of acquisition Full call number Barcode Copy number Koha item type
      Fiction Ashok Vihar Ashok Vihar 27/09/2023 उपहार/4.9.23 S OTT B-755839 1 English Books

© Delhi Public Library
Hit Counter
free hit counter